Estadísticas para Top 10 Países que Producen la Mayor Cantidad de Piñas

Haz click aquí para intentar la prueba.

Estadísticas generales

  • Esta prueba ha sido intentada 35 veces
  • La puntuación promedio es 7 de 10

Estadísticas de respuestas

ToneladasPaís% Correcto
2,317,554Brasil
91%
927,050Colombia
82%
1,899,000China
79%
1,779,000India
79%
1,271,520México
79%
2,886,416Indonesia
71%
1,800,558Tailandia
71%
2,860,202Filipinas
59%
2,938,334Costa Rica
50%
1,541,979Nigeria
41%

Distribución de puntuación

Porcentaje por número respondido

Porcentaje de gente con cada puntuación

Historial de tus puntuaciones

No has intentado esta prueba.